书目信息 |
| 题名: |
海南黄花梨
|
|
| 作者: | 肖奕亮 编著 | |
| 分册: | ||
| 出版信息: | 北京 化学工业出版社 2011.04 |
|
| 页数: | 138页 | |
| 开本: | 25cm | |
| 丛书名: | ||
| 单 册: | ||
| 中图分类: | S792.28 | |
| 科图分类: | ||
| 主题词: | 降香黄檀--jiang xiang huang tan--研究--海南省 | |
| 电子资源: | ||
| ISBN: | 978-7-122-10599-8 | |
| 000 | 00792nam0 2200229 450 | |
| 001 | 93676 | |
| 005 | 20250819142321.01 | |
| 010 | @a978-7-122-10599-8@b精装@dCNY98.00@z7-122-10599-7 | |
| 100 | @a20110628d2011 em y0chiy50 ea | |
| 101 | 0 | @achi |
| 102 | @aCN@b110000 | |
| 105 | @aa z 000yy | |
| 106 | @ar | |
| 200 | 1 | @a海南黄花梨@Ahai nan huang hua li@f肖奕亮编著 |
| 210 | @a北京@c化学工业出版社@d2011.04 | |
| 215 | @a138页@c彩图@d25cm | |
| 330 | @a本书主要内容包括: 海南黄花梨的前世今生、海南黄花梨的生产过程、海南黄花梨的药用价值、海南黄花梨的鉴别经验、海南黄花梨为什么这么火等。 | |
| 606 | 0 | @a降香黄檀@Ajiang xiang huang tan@x研究@y海南省 |
| 690 | @aS792.28@v4 | |
| 701 | 0 | @a肖奕亮@Axiao yi liang@4编著 |
| 801 | 0 | @aCN@c20250909 |
| 905 | @a河南城建学院图书馆@dS792.28@eX295@f1 | |
| 海南黄花梨/肖奕亮编著.-北京:化学工业出版社,2011.04 |
| 138页:彩图;25cm |
| ISBN 978-7-122-10599-8(精装):CNY98.00 |
| 本书主要内容包括: 海南黄花梨的前世今生、海南黄花梨的生产过程、海南黄花梨的药用价值、海南黄花梨的鉴别经验、海南黄花梨为什么这么火等。 |
| ● |
| 相关链接 |
|
|
|
正题名:海南黄花梨
索取号:S792.28/X295
 
预约/预借
| 序号 | 登录号 | 条形码 | 馆藏地/架位号 | 状态 | 备注 |
| 1 | 1627633 | 216276330 | 自科库401/401自科库 1排3列5层/ [索取号:S792.28/X295] | 在馆 |